000 00568nam a2200169 4500
001 122259
003 ES-MaACL
005 20230906191936.0
007 t|
008 070214s1924 fr r ||||1| fre d
100 1 _aPourichkevitch, Vladimir Mitrofanovich.
_993461
245 1 0 _aComment j'ai tué Raspoutine /
_cVladimir Mitrofanovich Pourichkevitch ; pages de journal traduit du russe par Lydie Krestovsky.
260 _aParis :
_b[s.n.],
_c1924 (
_fImp. Cosmos)
300 _a121 p. ;
_c23 cm.
700 1 _aKrestovsky, Lydie.
_968817
852 _aES-MaACL
_jF-6006
999 _c122259
_d122259